000 00549nam a22001937a 4500
003 OSt
005 20160510161227.0
008 160510b xxu||||| |||| 00| 0 eng d
020 _a0780804721561
040 _cDDC.
082 _a575.5DUR 1991.
100 _aDurham,H.William;
_98679
245 _aCoevolution.
_bGenes,Culture and Human Diversity.
260 _aCalifonia.
_bStanford,university press.
_c1991.
300 _axiii,629p;
_bill;
_c25cm.
504 _aincludes Bibliography and index.
650 _aEvolution.
_98680
942 _2ddc
_cSLOAN
999 _c3962
_d3962